000 00670nam a2200217Ia 4500
005 20230116141414.0
008 131103s9999 xx 000 0 und d
040 _aLoreto College
041 _aEnglish
082 _a821.6
_bBLA- SAM
245 4 _aThe poetical works of William Blake
_cedited with an introduction and textual notes by John Sampson
260 _aLondon
_bOxford University Press
_c[19 - ?]
300 _alvi,453 p.
504 _aIncludes index of first lines
630 _a1757 - 1827 - Blake,William - Poetry
650 _aBlake,William,1757 - 1827
651 _aEnglish Poetry
700 _aSampson,John,ed.
850 _aLCLIB
942 _cBK
999 _c5782
_d56261